Rules of conduct for firms (Record no. 115440)
[ view plain ]
| 000 -LEADER | |
|---|---|
| fixed length control field | 01261cad a22002295a 4500 |
| 001 - CONTROL NUMBER | |
| control field | L158661 |
| 005 - DATE AND TIME OF LATEST TRANSACTION | |
| control field | 20251020103718.0 |
| 008 - FIXED-LENGTH DATA ELEMENTS--GENERAL INFORMATION | |
| fixed length control field | 070517e20120508xxk f 000 0 eng d |
| 035 ## - SYSTEM CONTROL NUMBER | |
| System control number | (Sirsi) u158661 |
| 041 0# - LANGUAGE CODE | |
| Language code of text/sound track or separate title | eng |
| 110 2# - MAIN ENTRY--CORPORATE NAME | |
| Corporate name or jurisdiction name as entry element | Royal Institution of Chartered Surveyors |
| 9 (RLIN) | 4900 |
| 245 00 - TITLE STATEMENT | |
| Title | Rules of conduct for firms |
| Medium | [electronic resource] |
| 260 ## - PUBLICATION, DISTRIBUTION, ETC. | |
| Place of publication, distribution, etc. | London |
| Name of publisher, distributor, etc. | RICS |
| Date of publication, distribution, etc. | 2012 |
| 490 #0 - SERIES STATEMENT | |
| Series statement | RICS Rules of Conduct |
| 520 ## - SUMMARY, ETC. | |
| Summary, etc. | Effective from 1 January 2012 (4 June 2007 version 5). These Rules of Conduct for Firms are made by the Regulatory Board of the RICS under Article 18 of the Supplemental Charter 1973 and Bye-Law 5 of RICS Bye-Laws. Sets out the standards of professional conduct and practice expected of firms registered for regulation by RICS. These rules do not repeat obligations placed on firms by the general law, for example in the areas of discrimination and employment. |
| 650 24 - SUBJECT ADDED ENTRY--TOPICAL TERM | |
| Topical term or geographic name entry element | RICS MEMBERSHIP |
| 650 24 - SUBJECT ADDED ENTRY--TOPICAL TERM | |
| Topical term or geographic name entry element | RICS RULES OF CONDUCT |
| 651 #4 - SUBJECT ADDED ENTRY--GEOGRAPHIC NAME | |
| Geographic name | International |
| 690 ## - LOCAL SUBJECT ADDED ENTRY--TOPICAL TERM (OCLC, RLIN) | |
| Topical term or geographic name as entry element | ABOUT RICS-RICS PROFESSIONAL REGULATION AND CONSUMER PROTECTION-RICS RULES OF CONDUCT |
| 856 48 - ELECTRONIC LOCATION AND ACCESS | |
| Uniform Resource Identifier | <a href="https://www.rics.org/Global/19633-RICS%20Regulation-Rules%20of%20Conduct%20FOR%20FIRMS-WEB.pdf">https://www.rics.org/Global/19633-RICS%20Regulation-Rules%20of%20Conduct%20FOR%20FIRMS-WEB.pdf</a> |
| Public note | View this item at www.rics.org... |
| 942 ## - ADDED ENTRY ELEMENTS (KOHA) | |
| Suppress in OPAC | 0 |
| Source of classification or shelving scheme | Dewey Decimal Classification |
| Withdrawn status | Lost status | Source of classification or shelving scheme | Damaged status | Not for loan | Home library | Current library | Shelving location | Date acquired | Total Checkouts | Full call number | Date last seen | Copy number | Price effective from | Koha item type | Public note | Barcode |
|---|---|---|---|---|---|---|---|---|---|---|---|---|---|---|---|---|
| Dewey Decimal Classification | London | London | RICS Boxes | 27/07/2017 | RICS 2012/35 | 06/08/2019 | 1 | 06/08/2019 | Archive | 30078428 | ||||||
| Dewey Decimal Classification | London | London | RICS Boxes | 27/07/2017 | RICS 2012/35 | 06/08/2019 | 2 | 06/08/2019 | Reference material | 3007429 | ||||||
| Dewey Decimal Classification | Virtual | Virtual | Online | 28/05/2015 | SCAN | 20/10/2025 | 3 | 06/08/2019 | Online material | Please contact [email protected] to request a digital copy (fees apply for non-members) |